000
00334 a2200157 4500
001
60580
020
_a
8574210110
040
_c
Anchieta - Pituba
100
_a
Sebben, Andréa
240
1
0
_a
Intercâmbio cultural
_l
por
245
1
0
_a
Intercâmbio cultural
300
_a
128
362
0
_a
2001
650
4
_a
Educação
942
_c
BK
999
_c
60580
_d
60580